000
00288nam a2200109Ia 4500
008
190907s9999||||xx |||||||||||||| ||und||
100
_a
Cohen, Lobstein
245
0
_a
Algorithmic Complexity and Communication Problems
260
_a
India
_b
Addision-Wesley
_c
1996
300
_a
249
942
_c
BK
999
_c
6441
_d
6441